Statystyki dla Pozycje zawodników w koszykówce

Kliknij tutaj aby rozwiązać quiz!

Ogólne statystyki

  • Ten quiz został rozwiązany 872 razy
  • Średni wynik to 3 z 5

Statystyki odpowiedzi

Pozycja% Poprawnych
5Center
87%
1Rozgrywający
86%
3Niski skrzydłowy
58%
4Silny skrzydłowy
56%
2Rzucający obrońca
53%

Rozkład punktacji

Percentyl według liczby udzielonych odpowiedzi

Procent ludzi z każdym wynikiem

Twoja historia wyników

Nie rozwiązałeś tego quizu